| 000 | 00624nam a2200181 i 4500 | ||
|---|---|---|---|
| 001 | 180729 | ||
| 003 | ES-MaACL | ||
| 005 | 20230906221156.0 | ||
| 008 | 120705s1952 sp |||| | spa d | ||
| 080 | _a821.134.2-31"19" | ||
| 100 | 1 |
_aGarcía Serrano, Rafael. _955295 |
|
| 245 | 1 | 0 |
_aEugenio o _bproclamación de la primavera : ésta es como la historia del muerto que yo hubiera querido ser / _cRafael García Serrano. |
| 246 | 3 | 0 | _aProclamación de la primavera |
| 250 | _a4ª ed. | ||
| 260 |
_a[Madrid] : _bPara el Bolsillo de la Camisa Azul, _c1952. |
||
| 300 |
_a107 p. ; _c12 cm. |
||
| 852 |
_aES-MaACL _j2312-F-2 |
||
| 999 |
_c180729 _d180729 |
||